000 00686nam a2200181Ia 4500
008 100920s9999 xx 000 0 und d
082 _b66593
_a28 व 539 थ 91
100 _aघाणेकर प्र.के.
245 _aप्रयोग करू, विज्ञान शिकू !.
260 _bजयदीप प्रकाशन, पुणे.
_c1991
300 _a36
_bसाधी
365 _b10
520 _aबा.वि.शाआ.
630 _aप्रयोग करू, विज्ञान शिकू !.
650 _aबा.वि.शाआ.
730 _aप्रयोग करू, विज्ञान शिकू !.
942 _cBOOK
999 _c709181
_d709178